00421nam a2200157Ia 4500008004100000082002400041100002000065245002600085250000600111260004600117300000800163600002000171630002600191700002000217730002600237151018s9999 xx 000 0 und d bRBASDV3417a891.463 aकेदार aकाळसर्प b1 bवि श्री टोंगेc1951 a100 aकेदार aकाळसर्प aकेदार aकाळसर्प